Komunikácia v podniku

Dôležitosť vnútropodnikovej komunikácie. Základná cieľová skupina vnútropodnikovej komunikácie. Verbálna a neverbálna komunikácia. Elektronická komunikácia. Zásady vnútropodnikovej komunikácie. Horizontálna a vertikálna komunikácia. Osobnosť manažéra ako rozhodujúci faktor vnútropodnikovej komunikác...

Ausführliche Beschreibung

Gespeichert in:
Bibliographische Detailangaben
1. Verfasser: Šukalová, Viera
Format: Buchkapitel
Sprache:Slowakisch
Schlagworte:
Tags: Tag hinzufügen
Keine Tags, Fügen Sie das erste Tag hinzu!

MARC

LEADER 00000naa a2200000 4500
001 0248662
005 20181107084310.8
041 0 |a slo 
044 |a SK 
245 1 0 |a Komunikácia v podniku  |c Viera Šukalová 
520 |a Dôležitosť vnútropodnikovej komunikácie. Základná cieľová skupina vnútropodnikovej komunikácie. Verbálna a neverbálna komunikácia. Elektronická komunikácia. Zásady vnútropodnikovej komunikácie. Horizontálna a vertikálna komunikácia. Osobnosť manažéra ako rozhodujúci faktor vnútropodnikovej komunikácie. Manažérska komunikácia. Porada ako účinný nástroj v rukách manažéra. 
610 2 0 |a komunikácia firemná 
610 2 0 |a komunikácia interná 
610 2 0 |a komunikácia verbálna 
610 2 0 |a komunikácia neverbálna 
610 2 0 |a komunikácia elektronická 
610 2 0 |a komunikácia manažérska 
610 2 0 |a zamestnanci 
610 2 0 |a zamestnávatelia 
610 2 0 |a manažéri 
100 1 |a Šukalová, Viera